Most Receiving Yards as a Rookie All-Time NFL - Statistics

General Stats
  • This quiz has been taken 53 times
    13 since last reset
  • The average score is 16 of 25
Answer Stats
Yards Year Team Answer % Correct
1,042 2022 Saints Chris Olave
100%
1,103 2022 Jets Garrett Wilson
100%
1,455 2021 Bengals Ja'Maar Chase
100%
1,400 2020 Vikings Justin Jefferson
100%
1,137 2016 Saints Michael Thomas
100%
1,305 2014 Giants Odell Beckham
100%
1,486 2023 Rams Puka Nacua
100%
1,051 2019 Titans A.J. Brown
91%
1,046 2013 Chargers Keenan Allen
91%
1,026 2021 Falcons Kyle Pitts
91%
1,051 2014 Buccaneers Mike Evans
91%
1,313 1998 Vikings Randy Moss
91%
1,057 2011 Bengals A.J. Green
82%
1,377 2003 Cardinals Anquan Boldin
82%
1,070 2015 Raiders Amari Cooper
73%
1,038 2006 Saints Marques Colston
73%
1,076 1961 Bears Mike Ditka
36%
1,039 1995 Seahawks Joey Galloway
27%
1,062 1986 Oilers Ernest Givins
9%
1,124 1954 Bears Harlon Hill
9%
1,193 2004 Buccaneers Michael Clayto
9%
1,132 1996 Patriots Terry Glenn
9%
1,131 1986 Colts Bill Brooks
0%
1,473 1960 Oilers Bill Groman
0%
1,231 1952 Packers Billy Howton
0%
No matching quizzes found
Score Distribution
Percent of People with Each Score
Percentile by Number Answered
Your Score History
You have not taken this quiz since the last reset